00884nam a22002173 450000100060000000300080000600500170001400800390003103500190007003500120008904000320010104100080013308200210014110000260016224503170018825000160050526000320052130000260055350400510057965000360063032994BD-RjUL20211209051929.0140429s1953 ii b 001 0 eng a(BD-RjUL)33084 a6775268 aDLCcDLCdDLCdBD-RjULbeng aeng a340.59bHAM 19531 aHamidullah, Muhammad.10aMuslim conduct of state :bbeing a treatise on siyar [unromanized data], that is Islamic notion of public international law, consisting of the laws of peace, war and neutrality, together with precedents from orthodox practice and preceded by a historical and general introduction /cby Muhammad Ḥamīdullāh. aRev. 3d ed. aLahore :bM. Ashraf,c1953. axvi, 389 p. ;c22 cm. aIncludes bibliographical references and index. 0aInternational law (Islamic law)